000 00464nam a22001577a 4500
005 20260427101441.0
008 260427b |||||||| |||| 00| 0 eng d
020 _a9781293918
050 _aPR9387.2
_b.M86
100 _aJohn Munonye
245 _aA kind of fool
260 _aIBADAN
_bHEINEMANN EDUCATION BOOKS (NIGERIA) PLC
_c1999
300 _a366p.
650 _aEnglish Literature
_vAfrican literature in English
_xTradition vs modernity—Fiction
942 _cBK
999 _c4713
_d4713